Les Classiques d'animation Disney - Statistiques

Statistiques générales
  • Ce quiz a été pris 110 491 fois
    85 617 depuis la dernière actualisation
  • Le résultat moyen est 24 sur 61
Statistiques - réponses
Année Film % Correct
1937 Blanche-Neige et les Sept Nains
95%
1950 Cendrillon
90%
1991 La Belle et la Bête
85%
2010 Raiponce
82%
1959 La Belle au bois dormant
80%
2013 La Reine des neiges
80%
1998 Mulan
74%
1989 La Petite Sirène
73%
1994 Le Roi Lion
73%
1992 Aladdin
68%
2016 Vaiana : La Légendedu bout du monde
67%
2009 La Princesse et la Grenouille
61%
1955 La Belle et le Clochard
59%
1953 Peter Pan
59%
1995 Pocahontas : Unelégende indienne
59%
1961 Les 101 Dalmatiens
57%
1940 Pinocchio
55%
1967 Le Livre de la jungle
52%
1970 Les Aristochats
51%
1942 Bambi
50%
1941 Dumbo, l'éléphant volant
50%
2021 Encanto : La FantastiqueFamille Madrigal
49%
1940 Fantasia
45%
1997 Hercule
45%
1999 Tarzan
43%
1951 Alice au pays des merveilles
42%
1977 Les Aventures deBernard et Bianca
41%
1996 Le Bossu de Notre-Dame
37%
1981 Rox et Rouky
37%
1973 Robin des Bois
36%
2002 Lilo et Stitch
35%
2012 Les mondes de Ralph
34%
1963 Merlin l'Enchanteur
34%
1977 Les Aventures de Winnie l'ourson
32%
2011 Winnie l'ourson
32%
2021 Raya et le Dernier Dragon
31%
2019 La Reine des neiges 2
30%
2016 Zootopie
30%
2003 Frère des ours
29%
2000 Kuzco, l'empereur mégalo
27%
2001 Atlantide, l'empire perdu
24%
2008 Volt, star malgré lui
22%
1985 Taram et le Chaudron magique
20%
1988 Oliver et Compagnie
18%
2002 La planète au trésor : Un nouvel univers
17%
2014 Les Nouveaux Héros
17%
1986 Basil, détective privé
14%
2018 Ralph 2.0
13%
2005 Chicken Little
12%
2000 Dinosaure
11%
1999 Fantasia 2000
11%
2004 La ferme se rebelle
11%
1944 Les Trois Caballeros
11%
2007 Bienvenue chez les Robinson
10%
2022 Avalonia, l'Étrange Voyage
9%
1990 Bernard et Bianca aupays des kangourous
7%
1947 Coquin de printemps
7%
1949 Le Crapaud et le Maître d'école
7%
1948 Mélodie Cocktail
7%
1942 Saludos Amigos
7%
1946 La Boîte à musique
6%
Aucun quiz correspondant
Distribution des résultats
% des personnes avec chaque résultat
Percentile par nombre de réponses
Votre historique - résultats
Vous n’avez pas pris ce quiz depuis la dernière actualisation